Top 30 : Post Malone - Statistiques

Statistiques générales
  • Ce quiz a été pris 22 fois
  • Le résultat moyen est 16 sur 30
Statistiques - réponses
Top Titres Featuring % Correct
1 Sunflower Swae Lee
94%
3 Circles
89%
2 rockstar 21 Savage
89%
4 Congratulations Quavo
78%
8 Psycho Ty Dolla $ign
78%
9 Goodbyes Young Thug
72%
5 Better Now
67%
21 Hollywood's Bleeding
67%
11 White Iverson
67%
6 Wow.
67%
19 Chemical
56%
10 I Had Some Help Morgan Wallen
56%
15 I Like You (A Happier Song) Doja Cat
56%
28 Deja Vu Justin Bieber
50%
14 Fortnight Taylor Swift
50%
7 I Fall Apart
50%
18 One Right Now The Weeknd
50%
13 Candy Paint
44%
25 Enemies DaBaby
44%
20 Stay
44%
17 Take What You Want Ozzy Osbourne, Travis Scott
44%
26 Ball For Me Nicki Minaj
39%
12 Go Flex
39%
16 Jackie Chan Tiësto, Dzeko, Preme
33%
23 Dial Drunk Noah Kahan
28%
24 Saint-Tropez
28%
22 Feeling Whitney
22%
27 Motley Crew
17%
29 Paranoid
17%
30 Rich & Sad
17%
Aucun quiz correspondant
Distribution des résultats
% des personnes avec chaque résultat
Percentile par nombre de réponses
Votre historique - résultats
Vous n’avez pas pris ce quiz